[Event "Verbandsliga Suedbaden 1718"]
[Site "Baden"]
[Date "2018.01.28"]
[Round "5.1"]
[White "Metz, Hartmut"]
[Black "Kuehn, Peter"]
[Result "1/2-1/2"]
[WhiteElo "2281"]
[BlackElo "2356"]
[PlyCount "36"]
[EventDate "2017.10.08"]
[EventType "team-tourn"]
[EventRounds "9"]
[EventCountry "GER"]
[SourceTitle "EXT 2019"]
[Source "ChessBase"]
[SourceDate "2018.10.10"]
[SourceVersion "1"]
[SourceVersionDate "2018.10.10"]
[SourceQuality "1"]
[WhiteTeam "Kuppenheim"]
[BlackTeam "Gottmadingen"]
[WhiteTeamCountry "GER"]
[BlackTeamCountry "GER"]

1. e4 c6 2. d4 d5 3. f3 g6 4. Nc3 Bg7 5. Be3 Qb6 6. Qd2 Qxb2 7. Rb1 Qa3 8. exd5 Nf6 9. dxc6 bxc6 10. Bd3 0-0 11. Nge2 Ba6 12. Rb3 Qa5 13. 0-0 Rd8 14. Rfb1 Nbd7 15. Nd5 Qxd2 16. Nxf6+ Bxf6 17. Bxd2 Bxd3 18. Rxd3 Nb6 1/2-1/2

[Event "SUI-chT"]
[Site "Switzerland"]
[Date "2012.09.23"]
[Round "7.4"]
[White "Cvitan, Ognjen"]
[Black "Kuehn, Peter"]
[Result "1/2-1/2"]
[WhiteElo "2528"]
[BlackElo "2397"]
[PlyCount "75"]
[EventDate "2012.03.18"]
[EventType "team-tourn"]
[EventRounds "9"]
[EventCountry "SUI"]
[SourceTitle "EXT 2013"]
[Source "ChessBase"]
[SourceDate "2012.11.22"]
[SourceVersion "1"]
[SourceVersionDate "2012.11.22"]
[SourceQuality "1"]
[WhiteTeam "Riehen"]
[BlackTeam "Reichenstein"]
[WhiteTeamCountry "SUI"]
[BlackTeamCountry "SUI"]

1. c4 c6 2. e4 d5 3. exd5 cxd5 4. cxd5 Nf6 5. Nc3 g6 6. Bc4 Bg7 7. Nf3 0-0 8. 0-0 Na6 9. Re1 Nc7 10. d4 Nfxd5 11. Bg5 Be6 12. Bb3 Rc8 13. Rc1 Re8 14. Bh4 Nb6 15. Bg3 Bxb3 16. Qxb3 Ncd5 17. Ne4 Rxc1 18. Rxc1 Qd7 19. Nc5 Rc8 20. h3 Qc6 21. Nd3 Qe8 22. Nc5 e6 23. Ne5 Bxe5 24. Bxe5 Rc6 25. Re1 Qc8 26. Kh2 Nd7 27. Ne4 Rb6 28. Qa3 Ra6 29. Qf3 Nxe5 30. dxe5 Qc4 31. Rd1 Rxa2 32. Nf6+ Kg7 33. Nxd5 exd5 34. Qf6+ Kg8 35. Qd8+ Kg7 36. Qf6+ Kg8 37. Qd8+ Kg7 38. Qf6+ 1/2-1/2

[Event "SUI-chT"]
[Site "Switzerland"]
[Date "2012.04.29"]
[Round "3.3"]
[White "Kuehn, Peter"]
[Black "Marciano, David"]
[Result "1/2-1/2"]
[WhiteElo "2380"]
[BlackElo "2508"]
[PlyCount "30"]
[EventDate "2012.03.18"]
[EventType "team-tourn"]
[EventRounds "9"]
[EventCountry "SUI"]
[SourceTitle "EXT 2013"]
[Source "ChessBase"]
[SourceDate "2012.11.22"]
[SourceVersion "1"]
[SourceVersionDate "2012.11.22"]
[SourceQuality "1"]
[WhiteTeam "Reichenstein"]
[BlackTeam "Reti"]
[WhiteTeamCountry "SUI"]
[BlackTeamCountry "SUI"]

1. d4 d5 2. c4 e6 3. Nc3 Be7 4. Nf3 Nf6 5. Bg5 0-0 6. e3 h6 7. Bh4 Ne4 8. Bxe7 Qxe7 9. Rc1 c6 10. Bd3 Nxc3 11. Rxc3 Nd7 12. 0-0 e5 13. dxe5 dxc4 14. Bxc4 Nxe5 15. Nxe5 Qxe5 1/2-1/2

[Event "SUI-chT"]
[Site "Switzerland"]
[Date "2011.10.22"]
[Round "8.7"]
[White "Gantner, Matthias"]
[Black "Kuehn, Peter"]
[Result "0-1"]
[WhiteElo "2282"]
[BlackElo "2401"]
[PlyCount "96"]
[EventDate "2011.02.27"]
[EventType "team-tourn"]
[EventRounds "9"]
[EventCountry "SUI"]
[SourceTitle "EXT 2012"]
[Source "ChessBase"]
[SourceDate "2011.11.24"]
[SourceVersion "1"]
[SourceVersionDate "2011.11.24"]
[SourceQuality "1"]
[WhiteTeam "Reti"]
[BlackTeam "Reichenstein"]
[WhiteTeamCountry "SUI"]
[BlackTeamCountry "SUI"]

1. d4 d5 2. c4 c6 3. Nf3 Nf6 4. e3 Bg4 5. Qb3 Qb6 6. Nc3 e6 7. Nh4 Bh5 8. h3 Be7 9. g4 Bg6 10. Nxg6 hxg6 11. Bg2 g5 12. cxd5 Qxb3 13. axb3 exd5 14. 0-0 Na6 15. Bd2 0-0 16. Rfd1 Nc7 17. Na2 Ne6 18. Bb4 Rae8 19. Bxe7 Rxe7 20. Nc1 a6 21. Nd3 g6 22. b4 Ne8 23. Bf3 Nd6 24. Kg2 Kg7 25. Rh1 Rh8 26. Nc5 f5 27. gxf5 gxf5 28. b3 Kf6 29. Rae1 Nf8 30. Bd1 Ng6 31. Bc2 Nh4+ 32. Kf1 Nf3 33. Rd1 Nb5 34. Bd3 Nc3 35. Rc1 Na2 36. Ra1 Nxb4 37. Ra4 a5 38. Be2 Nh4 39. Nd3 Nxd3 40. Bxd3 b6 41. Ke2 Ng6 42. Rc1 Re6 43. b4 axb4 44. Rxb4 b5 45. Rb2 Rxh3 46. Ra2 Rh2 47. Ke1 f4 48. Bxg6 fxe3 0-1

[Event "SUI-chT"]
[Site "Switzerland"]
[Date "2010.08.28"]
[Round "6.7"]
[White "Nuri, Kambez"]
[Black "Kuehn, Peter"]
[Result "0-1"]
[WhiteElo "2235"]
[BlackElo "2423"]
[PlyCount "134"]
[EventDate "2010.02.14"]
[EventType "team-tourn"]
[EventRounds "9"]
[EventCountry "SUI"]
[SourceTitle "EXT 2011"]
[Source "ChessBase"]
[SourceDate "2010.11.26"]
[SourceVersion "1"]
[SourceVersionDate "2010.11.26"]
[SourceQuality "1"]
[WhiteTeam "Winterthur"]
[BlackTeam "Reichenstein"]
[WhiteTeamCountry "SUI"]
[BlackTeamCountry "SUI"]

1. e4 c6 2. d4 d5 3. e5 Bf5 4. Nc3 Qb6 5. Nf3 e6 6. Be2 Nd7 7. 0-0 Bg4 8. Na4 Qc7 9. b3 Rd8 10. Bg5 Ne7 11. h3 Bxf3 12. Bxf3 h6 13. Bc1 c5 14. c3 Nc6 15. Be3 cxd4 16. cxd4 Ba3 17. Qd2 Qa5 18. Qxa5 Nxa5 19. Bc1 Bb4 20. a3 Be7 21. Rb1 Rc8 22. Be2 0-0 23. Bb5 Nc6 24. Bb2 a6 25. Bxc6 Rxc6 26. Rbc1 Rfc8 27. Rxc6 Rxc6 28. Rc1 Rxc1+ 29. Bxc1 b5 30. Nc3 Nb8 31. a4 Bb4 32. Na2 Ba5 33. Ba3 bxa4 34. bxa4 Nc6 35. Bc5 f6 36. exf6 gxf6 37. Kf1 Kf7 38. Ke2 e5 39. Kd3 Kg6 40. Nc1 h5 41. Na2 Kf5 42. Ke3 Kg5 43. Nc1 Kf5 44. Na2 Ke6 45. f4 Kf5 46. fxe5 fxe5 47. dxe5 Kxe5 48. Kd3 d4 49. Bf8 Kd5 50. Bg7 Bd8 51. g3 a5 52. Bh8 Bg5 53. Bg7 Be3 54. Nc3+ dxc3 55. Kxe3 Kc4 56. g4 hxg4 57. hxg4 Ne7 58. Ke2 Nd5 59. g5 Kb3 60. Be5 c2 61. Kd2 Nb4 62. Bf4 c1Q+ 63. Kxc1 Nd3+ 64. Kd2 Nxf4 65. Ke3 Ng6 66. Ke4 Kxa4 67. Kf5 Nf8 0-1

[Event "EU-Cup 24th"]
[Site "Kallithea"]
[Date "2008.10.20"]
[Round "4"]
[White "Siebrecht, Sebastian"]
[Black "Kuehn, Peter"]
[Result "1-0"]
[WhiteElo "2451"]
[BlackElo "2446"]
[PlyCount "123"]
[EventDate "2008.10.17"]
[EventType "team-swiss"]
[EventRounds "7"]
[EventCountry "GRE"]
[SourceTitle "CBM 127"]
[Source "ChessBase"]
[SourceDate "2008.11.13"]
[SourceVersion "1"]
[SourceVersionDate "2008.11.13"]
[SourceQuality "1"]
[WhiteTeam "Baden Invest"]
[BlackTeam "Reichenstein"]
[WhiteTeamCountry "AUT"]
[BlackTeamCountry "SUI"]

1. d4 d5 2. Nf3 Nf6 3. c4 c6 4. Nc3 a6 5. a4 e6 6. Bg5 Nbd7 7. a5 Bb4 8. Qa4 Be7 9. e3 0-0 10. Be2 c5 11. cxd5 Nxd5 12. Bxe7 Nxe7 13. 0-0 cxd4 14. Nxd4 Ne5 15. Rfd1 Qc7 16. Qa3 N7c6 17. Nxc6 Nxc6 18. Qd6 Qxd6 19. Rxd6 Rd8 20. Rxd8+ Nxd8 21. Rd1 Nc6 22. Bf3 Kf8 23. Bxc6 bxc6 24. Rd6 Ke7 25. Rxc6 Rb8 26. b4 Bd7 27. Rc4 e5 28. Nd5+ Kd6 29. Nb6 Bb5 30. Rc5 f5 31. f3 Ke6 32. f4 exf4 33. exf4 g6 34. Kf2 Kd6 35. Kg3 Re8 36. Rd5+ Kc6 37. Re5 Rd8 38. Re6+ Rd6 39. Rxd6+ Kxd6 40. Kf2 Kc6 41. g3 Bd3 42. Ke3 Bf1 43. Kd4 Kb5 44. Kc3 Kc6 45. Nc4 Be2 46. Ne5+ Kd5 47. Nf7 h6 48. Nxh6 Ke4 49. Nf7 Kf3 50. Ne5+ Kg2 51. Nxg6 Kxh2 52. Kd4 Kxg3 53. Ke5 Bd3 54. Ne7 Kg4 55. Nd5 Kf3 56. Nc7 Kg3 57. b5 axb5 58. a6 b4 59. a7 b3 60. a8Q b2 61. Qg8+ Kh4 62. Qd8+ 1-0

[Event "BL2-Sued 0708"]
[Site "Germany"]
[Date "2008.03.09"]
[Round "7.1"]
[White "Gasthofer, Alexander"]
[Black "Kuehn, Peter"]
[Result "1/2-1/2"]
[WhiteElo "2466"]
[BlackElo "2426"]
[PlyCount "61"]
[EventDate "2007.10.21"]
[EventType "team-tourn"]
[EventRounds "9"]
[EventCountry "GER"]
[SourceTitle "EXT 2009"]
[Source "ChessBase"]
[SourceDate "2008.11.26"]
[SourceVersion "1"]
[SourceVersionDate "2008.11.26"]
[SourceQuality "1"]
[WhiteTeam "Bad Mergentheim"]
[BlackTeam "Karlsruhe"]
[WhiteTeamCountry "GER"]
[BlackTeamCountry "GER"]

1. e4 c6 2. d3 d5 3. Nd2 g6 4. Ngf3 Bg7 5. c3 Nd7 6. d4 dxe4 7. Ng5 Ngf6 8. Bc4 0-0 9. Ndxe4 Nb6 10. Bd3 h6 11. Nf3 Nxe4 12. Bxe4 Be6 13. 0-0 Qd6 14. Re1 a5 15. a4 Rfe8 16. Bc2 Rad8 17. Nd2 Qd7 18. Ne4 Bg4 19. Qd3 Bf5 20. Qg3 Qd5 21. Bf4 Nd7 22. Bb1 Bxe4 23. Bxe4 Qb3 24. Bc7 Rc8 25. Bxa5 e5 26. dxe5 Rxe5 27. Bb4 Rce8 28. f3 Nf6 29. Bd3 Nd5 30. Bd6 R5e6 31. Qf2 1/2-1/2